000 01107nam a2200277 a 4500
001 000009755
005 20240412074213.0
008 091001s2001 dr 000 p spa d
020 _a9993482811
040 _aDO-SdBNP
_bspa
_cBNPHU
082 _aRD861.44
_bB715c
100 1 _aBonilla Meléndez, Santiago,
_d1961-
_924659
245 1 0 _aCantos del pueblo ;
_bConciertos de amor /
_cSantiago A. Bonilla Meléndez.
260 _aSanto Domingo :
_bUniversitaria-UASD,
_c2001.
300 _a41, 51 p. ;
_c22 cm.
490 1 _aPublicaciones de la Universidad Autónoma de Santo Domingo
_v1009
500 _aIncluye datos biográficos del autor en la solapa de la contracubierta
501 _aPublicado con: Conciertos de amor
563 _aDos obras publicadas juntas con paginación independiente
590 _aInventariado, 2018/LP
650 0 _aPoesía dominicana
_966
650 0 _aLiteratura dominicana.
_967
700 1 2 _aBonilla, Santiago
_tConciertos de amor
_924660
830 _aPubliacaciones de la Universidad Autónoma de Santo Domingo
_956533
910 _aValidado. Control de calidad MMOLINA
999 _c9515
_d9515